000 00934nam a2200193Ia 4500
008 151121s9999||||xx |||||||||||||| ||und||
082 _a910/ओझा
082 _bHNW-115852
100 _aओझा एन।एन।
245 _aसिवील सेवा मुख्य परीक्षा भूगोल -प्रश्नोत्तर रुप में
260 _bक्रॉनिकल पब्लिकेशन्स लि।दिल्ली।
260 _c2008
300 _a229
600 _aओझा एन।एन।
630 _aसिवील सेवा मुख्य परीक्षा भूगोल -प्रश्नोत्तर रुप में
700 _aओझा एन।एन।
730 _aसिवील सेवा मुख्य परीक्षा भूगोल -प्रश्नोत्तर रुप में
942 _cBOOK
999 _c1264549
_d1264546